000 00396nam a2200157Ia 4500
008 210716s2009 xx 000 0 und d
020 _a9780070141605
041 _aeng
082 _a004 BALE
100 _aBalagurusamy, E.
245 _aFundamentals of computers.
250 _a1
260 _aNew Delhi
_bTata McGraw Hill Publishing Company Ltd
_c2009
300 _axx,476
650 _aNone
999 _c190728
_d190728